<?xml version="1.0" encoding="UTF-8"?><?xml-stylesheet type="text/xsl" href="static/style.xsl"?><OAI-PMH xmlns="http://www.openarchives.org/OAI/2.0/" xmlns:xsi="http://www.w3.org/2001/XMLSchema-instance" xsi:schemaLocation="http://www.openarchives.org/OAI/2.0/ http://www.openarchives.org/OAI/2.0/OAI-PMH.xsd"><responseDate>2026-04-29T04:09:27Z</responseDate><request verb="GetRecord" identifier="oai:repisalud.isciii.es:20.500.12105/26703" metadataPrefix="marc">https://repisalud.isciii.es/rest/oai/request</request><GetRecord><record><header><identifier>oai:repisalud.isciii.es:20.500.12105/26703</identifier><datestamp>2025-12-18T12:58:36Z</datestamp><setSpec>com_20.500.12105_2203</setSpec><setSpec>com_20.500.12105_2202</setSpec><setSpec>col_20.500.12105_19585</setSpec></header><metadata><record xmlns="http://www.loc.gov/MARC21/slim" xmlns:dcterms="http://purl.org/dc/terms/" xmlns:doc="http://www.lyncode.com/xoai" xmlns:xsi="http://www.w3.org/2001/XMLSchema-instance" xsi:schemaLocation="http://www.loc.gov/MARC21/slim http://www.loc.gov/standards/marcxml/schema/MARC21slim.xsd">
   <leader>00925njm 22002777a 4500</leader>
   <datafield ind2=" " ind1=" " tag="042">
      <subfield code="a">dc</subfield>
   </datafield>
   <datafield ind2=" " ind1=" " tag="720">
      <subfield code="a">Instituto de Salud Carlos III. Gabinete de prensa</subfield>
      <subfield code="e">author</subfield>
   </datafield>
   <datafield ind2=" " ind1=" " tag="260">
      <subfield code="c">2025-05-06</subfield>
   </datafield>
   <datafield ind2=" " ind1=" " tag="520">
      <subfield code="a">La Infraestructura IMPaCT de Medicina de Precisión asociada a la Ciencia y la Tecnología, impulsada y financiada por el Instituto de Salud Carlos III (ISCIII), busca facilitar el despliegue efectivo de la medicina de precisión en el Sistema Nacional de Salud (SNS), y tiene en el proyecto Cohorte IMPaCT uno de sus principales exponentes. La Cohorte IMPaCT es una iniciativa que prevé llevar a cabo un seguimiento de 200.000 personas durante 20 años, en 50 centros de atención primaria repartidos por toda España, con el objetivo de comprender y mejorar la salud de la población española. La Infraestructura IMPaCT está configurada a partir de tres programas que actúan como el eje inicial de una actuación que deberá vertebrar la incorporación coherente de proyectos de investigación complementarios en el ámbito de la medicina de p. Estos tres programas son Medicina Predictiva, Ciencia de Datos y Medicina Genómica. La Cohorte IMPaCT se configura a través del Programa de Medicina Predictiva. Con la reciente apertura de los nodos de Trujillo y Mérida en Extremadura, la Cohorte IMPaCT está ya presente en las 17 comunidades autónomas, con 44 centros en marcha por los que ya han pasado más de 12.500 personas reclutadas. En línea con la distribución de las personas residentes en nuestro país, un 30% de estos centros se están ubicando en áreas rurales y otro 70% en áreas urbanas.</subfield>
   </datafield>
   <datafield ind1="8" ind2=" " tag="024">
      <subfield code="a">Noticia publicada en la web del ISCIII el 06/05/2025.</subfield>
   </datafield>
   <datafield ind1="8" ind2=" " tag="024">
      <subfield code="a">https://hdl.handle.net/20.500.12105/26703</subfield>
   </datafield>
   <datafield tag="653" ind2=" " ind1=" ">
      <subfield code="a">Infraestructura IMPaCT</subfield>
   </datafield>
   <datafield tag="653" ind2=" " ind1=" ">
      <subfield code="a">Medicina de Precisión</subfield>
   </datafield>
   <datafield tag="653" ind2=" " ind1=" ">
      <subfield code="a">Sistema Nacional de Salud</subfield>
   </datafield>
   <datafield tag="653" ind2=" " ind1=" ">
      <subfield code="a">Cohorte IMPaCT</subfield>
   </datafield>
   <datafield tag="653" ind2=" " ind1=" ">
      <subfield code="a">Medicina Predictiva</subfield>
   </datafield>
   <datafield tag="653" ind2=" " ind1=" ">
      <subfield code="a">Ciencia de Datos</subfield>
   </datafield>
   <datafield tag="653" ind2=" " ind1=" ">
      <subfield code="a">Medicina Genómica</subfield>
   </datafield>
   <datafield tag="653" ind2=" " ind1=" ">
      <subfield code="a">España</subfield>
   </datafield>
   <datafield ind2="0" ind1="0" tag="245">
      <subfield code="a">El proyecto Cohorte IMPaCT ya está implantado en todas las comunidades autónomas</subfield>
   </datafield>
</record></metadata></record></GetRecord></OAI-PMH>